000 00909nam a2200265Ia 4500
003 OSt
005 20220923211631.0
006 a|||||r|||| 00| 0
007 ta
008 220922b |||||||| |||| 00| 0 san d
024 _a34,854
037 _cTextual
040 _aARTS
_cARTS
_bsan
041 _2san
_asan
082 _aO15,3M59,1, K9
100 _aव्यास, अम्बिकादत्त
245 0 _aशिवराज विजयः
_b ऐतिहासिक उपन्यास
246 _aShivarāj vijayah: aitihāsik upanyāsa
250 _aप्रथम
260 _aकाशी
_b व्यास पुस्तकालय
_c1969
300 _a208पृ.
_ccm.
650 _aसंस्कृत साहित्य
942 _hO15,3M59,1, K9
_cTEXL
_2CC
999 _c301806
_d301806